|
|
|
|
| LEADER |
01427nam a2200337 a 4500 |
| 001 |
961 |
| 003 |
BD-DhAAL |
| 005 |
20151126002842.0 |
| 008 |
151014r20021867enk sb 000 1 eng d |
| 020 |
|
|
|a 0140437525
|
| 040 |
|
|
|a DLC
|c DLC
|d DLC
|d WaSeSS
|d BD-DhAAL
|
| 050 |
|
4 |
|a PR5684
|b .L45 2002
|
| 082 |
0 |
0 |
|a 823/.8
|2 21
|
| 100 |
1 |
|
|a Trollope, Anthony,
|d 1815-1882.
|9 13812
|
| 245 |
1 |
4 |
|a The last chronicle of Barset /
|c Anthony Trollope ; with an introduction and notes by Sophie Gilmartin.
|
| 260 |
|
|
|a London :
|a Boston ;
|b Penguin Books ;
|a New York ;
|b Penguin Putnam,
|b Houghton Mifflin,
|c c1964.
|
| 300 |
|
|
|a xv, 694 p. ;
|c 21 cm.
|
| 490 |
|
|
|a Penguin classics
|
| 504 |
|
|
|a Includes bibliographical references (p. xxiv-xxxvi).
|
| 506 |
|
|
|a License restrictions may limit access.
|
| 541 |
|
|
|e 961
|
| 650 |
|
0 |
|a Barsetshire (England : Imaginary place)
|v Fiction.
|9 15440
|
| 650 |
|
0 |
|a Clergy
|v Fiction.
|9 6134
|
| 655 |
|
7 |
|a Psychological fiction.
|2 lcsh
|9 5686
|
| 655 |
|
7 |
|a Domestic fiction.
|2 lcsh
|9 16522
|
| 655 |
|
7 |
|a Love stories.
|2 gsafd
|9 16523
|
| 700 |
1 |
|
|a Gilmartin, Sophie.
|9 15443
|
| 942 |
|
|
|2 ddc
|c BK
|
| 999 |
|
|
|c 35794
|d 35794
|
| 952 |
|
|
|0 0
|1 0
|2 ddc
|4 0
|6 823_000000000000000__8_TRO
|7 0
|9 56300
|a SCL
|b SCL
|c GEN
|d 2015-10-14
|l 0
|o 823.8 TRO
|p 3020000961
|r 2015-10-14
|t 1
|w 2015-10-14
|y BK
|
| 952 |
|
|
|0 0
|1 0
|2 ddc
|4 0
|6 823_000000000000000__8_TRO
|7 0
|9 58837
|a SCL
|b SCL
|c GEN
|d 2016-04-24
|l 0
|o 823.8 TRO
|p 3020000962
|r 2016-04-24
|t 2
|w 2016-04-24
|y BK
|